| 000 | 00375nam a2200145Ia 4500 | ||
|---|---|---|---|
| 008 | 231129s2010||||xx |||||||||||||| ||spa|| | ||
| 020 | _a978-968-18-7132-1 | ||
| 040 | _bspa | ||
| 082 | _a636 G158r | ||
| 100 | _aGalina Carlos | ||
| 245 | 0 | _aReproducción de animales domésticos | |
| 260 | _c2010 | ||
| 264 | _aLimusa | ||
| 942 |
_2ddc _cBKS |
||
| 999 |
_c23998 _d23998 |
||